Hodnocení chybovosti ve vysokorychlostních digitálních sítích /

Hlavní autor: Ivaniga, Petr
Jazyk: Slovenština
Vydáno: Žilina : Žilinská univerzita v Žiline, 2007
Vydání: 1. vyd.
Edice: Vedecké monografie
Témata:
Externí odkaz: Digitalizovaný dokument
Fyzický popis: 87 s. : il. ; 25 cm
Knihy
Uloženo v:
LEADER 01545nam a2200397 a 4500
001 000924782
003 CZ BrMZK
005 20090212092405.0
007 ta
008 081215s2007 xo a f 000 0 slo
020 |a 978-80-8070-771-2  |q (váz.) 
040 |a BOA001  |b cze 
072 7 |a 621.38  |x Elektronika  |2 Konspekt  |9 19 
072 7 |a 37.016  |x Učební osnovy. Vyučovací předměty. Učebnice  |2 Konspekt  |9 22 
080 |a 621.38.037.37  |2 MRF 
080 |a 621.3.037.37  |2 MRF 
080 |a (048.8)  |2 MRF 
100 1 |a Ivaniga, Petr  |7 mzk2008486409  |4 aut 
245 1 0 |a Hodnocení chybovosti ve vysokorychlostních digitálních sítích /  |c Petr Ivaniga 
250 |a 1. vyd. 
260 |a Žilina :  |b Žilinská univerzita v Žiline,  |c 2007 
300 |a 87 s. :  |b il. ;  |c 25 cm 
490 1 |a Vedecké monografie 
500 |a 100 výt. 
504 |a Obsahuje bibliografie 
541 |a Bratislava, Centrum vedecko-technických informácií SR 
500 |a Dostupné též v digitální podobě v aplikaci Kramerius 
650 0 7 |a digitální systémy  |7 ph216296  |2 czenas 
650 0 7 |a digitální technika  |7 ph114323  |2 czenas 
655 7 |a monografie  |7 fd132842  |2 czenas 
810 2 |a Žilinská univerzita.  |t Vedecké monografie  |0 s 
856 4 1 |u http://www.digitalniknihovna.cz/mzk/uuid/uuid:7d7897e0-e1ff-11ef-8de1-5ef3fc9bb22f  |y Digitalizovaný dokument  |x NDK 
910 2 |a BOA001  |b 3-1217.887 
990 |a BK 
991 |b 200902  |c NOV 
996 7 |b 2610366271  |c 3-1217.887  |l MZK  |r Sklad / do 1 hodiny  |n 0  |p vým.  |w 000924782  |u 000010  |a 1  |e BOA001  |j MZK50  |s A